000 01491pam a2200349 a 4500
999 _c23119
_d23119
001 2807500
005 20170125155350.0
008 820722s1982 nyuabc cb 001 0 eng
010 _a 82071937
020 _a0872730948 (pbk.) :
_c$17.95
040 _aDLC
_cDLC
_dDLC
043 _aev-----
050 0 0 _aND707.5.R43
_bV37 1982
100 1 _aVarnedoe, Kirk,
_d1946-2003.
245 1 0 _aNorthern light :
_brealism and symbolism in Scandinavian painting, 1880-1910 /
_cKirk Varnedoe.
260 _aBrooklyn, NY :
_bBrooklyn Museum,
_cc1982.
300 _a240 p. :
_bill. (some col.), map, ports. ;
_c28 cm.
500 _aExhibition held: Corcoran Gallery of Art, Washington, D.C., Sept. 8-Oct. 17, 1982; Brooklyn Museum, New York, November 10, 1982-Jan. 6, 1983; Minneapolis Institute of Arts, Minnesota February 4-Apr. 19, 1983.
500 _aIncludes index.
504 _aBibliography: p. [236]-240.
650 0 _aPainting, Scandinavian
_y19th century
_vExhibitions.
650 0 _aPainting, Scandinavian
_y20th century
_vExhibitions.
650 0 _aRealism in art
_zScandinavia
_vExhibitions.
650 0 _aSymbolism in art
_zScandinavia
_vExhibitions.
710 2 _aCorcoran Gallery of Art.
710 2 _aBrooklyn Museum.
710 2 _aMinneapolis Institute of Arts.
906 _a7
_bcbc
_corignew
_d1
_eopcn
_f19
_gy-gencatlg
942 _2lcc
_cBOOKS
_hND 707.5 .R43V37 1982